000 00609nam a2200181Ia 4500
005 20250508154300.0
008 008 250505s9999 xx 000 0 eng d
037 _aTextual
040 _aFEDL
_beng
_cFEDL
041 _aeng
_2eng
084 _a321.4, TAY
_qFEDL
100 _aTaylor Carl C. et. al
_9765231
245 0 _aIndia's roots of democracy : A sociological analysis of ruaal India's experience in planned development since independence
260 _aBombay, India
_bOrient Longman Pvt. Ltd.
_c1965
300 _aix,694p.
942 _cTEXL
_h321.4, TAY
999 _c1349345
_d1349345